Responses for Show #4000 - Friday, January 11, 2002

Contestants

[<< previous game]

Michael Cabana, a pediatrician from Ann Arbor, Michigan

Andrea Irvin, a sales and marketing consultant from Hixon, Tennessee

Jeremy Cohen, a television producer from Washington, D.C. (whose 1-day cash winnings total $5,500)

[next game >>]

Jeopardy! Round responses

DRAMA & DRAMATISTS
CLASSIC TV EPISODES
(Alex: You have to identify the show.)
GOING TO THE DOGS
ROCKET SCIENCE
SIMILAR SAYINGS
OODLES OF FOODLES
    $200 9
(Andrea: What is Cat on a Hot Tin Roof?)
(Michael: What is The Glass Menagerie?)
...
(Alex: What is [*], Blanche DuBois?)

A Streetcar Named Desire

AndreaMichael
Triple Stumper
    $200 12
Frasier

Michael
    $200 1
(Andrea: What is a Great Dane?)
(Jeremy: What is a basset hound?)

bloodhound

JeremyAndrea
Triple Stumper
    $200 3
solid or liquid

Triple Stumper
    $200 5
beans

Michael
    $200 27
[End of round signals.]

cheese

Jeremy
    $400 11
(Michael: What is Mourning Becomes Electra?)

Desire Under the Elms

Michael
Triple Stumper
    $400 13
Married...with Children

Andrea
    $400 2
Him

Triple Stumper
    $400 4
Titan

Triple Stumper
    $400 6
(Jeremy: What is [*]?)
[Jeremy's response is ruled incorrect and later the decision is reversed.]

rice (or tea)

JeremyAndrea
    $600 21
(Andrea: Who is Mab?)
...
(Alex: Less than a minute to go now.)

Titania

Andrea
Triple Stumper
    $600 14
Seinfeld

Michael
    $1,000 18
bulldog

Andrea
    $600 17
Scud

Andrea
    $600 7
(Andrea: [*]?)
(Alex: What is [*]? Remember the phrasing.)

their pants

Andrea
    $800 22
A Man for All Seasons

Michael
    $800 15
Magnum, P.I.

Jeremy
    $800 19
Great Dane

Michael
    $800 25
V-2

Michael
    $800 8
cows

Michael
    $1000 23
The Petrified Forest

Triple Stumper
    $1000 16
Star Trek

Triple Stumper
    $1000 20
(Michael: What's the ididerac?)
(Andrea: What is a husky?)
...
(Alex: Going for a specific dog and that was [*].)

Balto

AndreaMichael
Triple Stumper
    $1000 24
(Robert) Goddard

Michael
    $1000 10
on the road

Andrea
    $1000 26
spring lamb

Triple Stumper

Scores at the first commercial break (after clue 14):

Jeremy Andrea Michael
$200 $2,000 $1,200

Scores at the end of the Jeopardy! Round:

Jeremy Andrea Michael
$1,200 $2,000 $3,600

Double Jeopardy! Round responses

EXPLORERS' LATER YEARS
ON THE JOB
THE PRESIDENCY
INTERNATIONAL ACTORS
ISLANDS
"ZOO"MERANG
    $400 6
his will

Andrea
    $400 7
carpenter

Jeremy
    $400 1
Franklin Delano Roosevelt

Michael
    $400 12
Dublin

Michael
    $400 17
Oahu

Michael
    $2,000 22
(Alex: [After Michael uncovered the Daily Double] About a minute to go.)

Sir Edmund Hillary

Michael
    $800 8
engineering

Andrea
    $800 2
Gerald Ford

Michael
    $800 13
Natasha Richardson (or Joely)

Jeremy
    $800 18
Prince Edward Island

Michael
    $800 26
Zoolander

Michael
    $1200 23
(Jeremy: What is Iceland?)

Norway

JeremyMichael
    $1200 9
janitor

Triple Stumper
    $1200 3
Millard Fillmore

Michael
    $1200 14
(Michael: Who is Gerhard Depardieu?)
[Michael's response is accepted and later ruled incorrect.]

Gerard Depardieu

Michael
Triple Stumper
    $2,000 19
Cyprus

Michael
    $1200 27
(Alex: Yeah, I gotta get me one of those.)

zoot suit

Jeremy
    $1600 24
Stanley

Michael
    $1600 10
funeral directors

Triple Stumper
    $1600 4
(Michael: Who is uh...Bill Clinton?)
...
(Alex: [*], the father, yes.)

George Bush

AndreaMichael
    $1600 15
Claudia Cardinale

Triple Stumper
    $1600 20
St. Thomas

Triple Stumper
    $1600 28
[End of round signals.]

The Zoo Story

Triple Stumper
    $2000 25
Balboa

Triple Stumper
    $2000 11
emergency medical technicians

Andrea
    $2000 5
(Jeremy: What is Methodist?)

Episcopal

JeremyMichael
    $2000 16
Toshiro Mifune

Triple Stumper
    $2000 21
Easter Island

Michael

Scores at the end of the Double Jeopardy! Round:

Jeremy Andrea Michael
$400 $6,800 $16,400
(lock game)

[wagering suggestions for these scores]

Final Jeopardy! Round responses

INVENTORS
JeremyWho was Westinghouse
$0
AndreaWho is Maytag?
$4,000
MichaelWho is Edison?
$2,600
George Eastman

Final scores:

Jeremy Andrea Michael
$400 $2,800 $13,800
3rd place: trip to Coconut Grove, Florida & stay at Mayfair House 2nd place: trip to Cancun, Mexico by Yahoo! Travel New champion: $13,800

Game dynamics:

Coryat scores:

Jeremy Andrea Michael
$400 $6,400 $14,400
6 R,
3 W
10 R
(including 1 DD),
4 W
21 R
(including 2 DDs),
5 W

Combined Coryat: $21,200

[game] [game scores] [suggest correction]

Game tape date: 2001-10-29
The J! Archive is created by fans, for fans. Scraping, republication, monetization, and malicious use prohibited; this site may use cookies and collect identifying information. See terms. The Jeopardy! game show and all elements thereof, including but not limited to copyright and trademark thereto, are the property of Jeopardy Productions, Inc. and are protected under law. This website is not affiliated with, sponsored by, or operated by Jeopardy Productions, Inc. Join the discussion at JBoard.tv.